000 00485nam a2200181 i 4500
001 141807
003 ES-MaACL
005 20230906200355.0
007 t|
008 070928s1910 sp ||||1| spa d
100 1 _aVinyals, Francisco
_9115347
245 1 0 _aCuentos verosímiles /
_cFrancisco Vinyals.
260 _aMadrid :
_bR. Velasco,
_c1910.
300 _a227 p. ;
_c20 cm.
852 _aES-MaACL
_jD-1789
852 _aES-MaACL
_jG-9631
999 _c141807
_d141807